000 00422nam a2200145Ia 4500
008 231217s9999 xx 000 0 und d
041 _aEnglish
082 _a025 SHA `R'
100 _aShashikala Subbarao V
245 0 _aLibrary management through automation and networking
260 _c1999
_bAllied Publ.
300 _av+144
650 _aLibrary management Automation,library Networking,networking
942 _cAA
999 _c166795
_d166795